000 00968cam a2200229 4500
001 WB4012-04
008 040324n2004 000 0 eng u
035 _a(Sirsi) u125554
245 _aMarket towns threatened by uniform development
260 _c2004
490 _aCPRE Press Release
_v(17/04) 17 March 2004 (3)
520 _aCPRE survey "Market towns: losing their character?" highlights that small towns are in danger of losing their distinctiveness due to uniform development. This leaves them with serious traffic congestion and stretched services. Some towns may become dormitories with new estates adding to the number of people who commute to work elsewhere. http://www.cpre.org.uk/news-releases/news-rel-2004 /17-04.htm
590 _aWB
590 _aWB
650 _aURBAN DEVELOPMENT
650 _aMARKET TOWNS
650 _aTRAFFIC CONGESTION
650 _aDORMITORY TOWNS
650 _aCOMMUTING
690 _aDEVELOPMENT
942 _n0
999 _c117133
_d117133